000 00594cam a2200205 4500500
005 20260329005308.0
041 _afre
042 _adc
100 1 0 _aDurand, Jean-Marie
_eauthor
245 0 0 _aLa Médecine des désirs
260 _c2023.
500 _a82
690 _aChirurgie esthétique
690 _aHôpital
690 _aIndividu
690 _aInutile
690 _aMédecine
786 0 _nPhilosophie magazine | 168 | 4 | 2023-04-01 | p. 68-68 | 1951-1787
856 4 1 _uhttps://shs.cairn.info/magazine-philosophie-magazine-2023-4-page-68?lang=fr&redirect-ssocas=7080
999 _c1842086
_d1842086